00713nam a2200241 a 4500001001300000003000900013005001700022008004100039020002300080082001700103100003000120245003900150260003600189300000900225500003500234505001000269650001800279700003000297902000800327942000700335952011200342999001700454nice12345678IN_TiNIC20260116013747.0050524s1996 newa grp 000 0 eng  a8173047 c47500a340.59bBHA1 aBhattaharyya, Parnasabari aConceptualization in the Manusmrti aNew Delhi bManohar Pub. c1996 a297p aincludes index and biblioraphy2 aIndex aManu-The Laws1 aBhattaharyya, Parnasabari bSRS cBK 00104070aHMIbHMId2007-05-01g475.00l2m1o340.58 BHA1p019099r2022-04-18s2022-02-14w2026-01-16yBK c12350d12350